000 01181nam a22003257a 4500
999 _c168960
_d168960
003 OSt
005 20190203144122.0
007 ta
008 180724b my a|||b |||| 00| 1 ara d
020 _a9786144080887
_cRM25.00
_qhardback
040 _aPPAK
_beng
_cPPAK
_erda
041 1 _aArabic
041 1 _aEnglish
082 _a892.7321
_223
090 _a892.7321
_bTHR
_dRK
240 1 0 _aThree spinners. Arabic & English.
245 1 0 _aالغازلات الثلاث : جزاء الاحسان =
_bThe Three Spinners /
246 3 3 _aal-Ghāzalāt al-thlāth : Jazāʼ al-iḥsān =
_bThe Three Spinners
264 1 _aBeirut, Lebanon :
_bDIGITAL FUTURE ;
_c[201?]
300 _a22 pages :
_bcolour illustrations ;
_c19 cm +
_e1 audio disc : digital ; 4 3/4 in.
336 _2rdacontent
_atext
337 _2rdamedia
_aunmediated
338 _2rdacarrier
_avolume
500 _aBook is accompanied by one Audio CD (The Three Spinners) and available at Multimedia Unit.
546 _aParallel text in Arabic and English.
650 1 0 _aStepdaughters
_xJuvenile fiction
650 2 0 _aFables
_xJuvenile fiction
650 2 0 _aChildren's stories
_vEnglish
942 _2ddc
_cB